Satan is alive and well on planet earth / (Record no. 4461)
[ view plain ]
| 000 -LEADER | |
|---|---|
| fixed length control field | 01186cam a2200301 4500 |
| 001 - CONTROL NUMBER | |
| control field | 572154 |
| 003 - CONTROL NUMBER IDENTIFIER | |
| control field | OCoLC |
| 005 - DATE AND TIME OF LATEST TRANSACTION | |
| control field | 20181206132013.0 |
| 008 - FIXED-LENGTH DATA ELEMENTS--GENERAL INFORMATION | |
| fixed length control field | 730122s1972 miu b 000 0 eng |
| 010 ## - LIBRARY OF CONGRESS CONTROL NUMBER | |
| LC control number | 72085564 |
| 020 ## - INTERNATIONAL STANDARD BOOK NUMBER | |
| International Standard Book Number | 0310277922 |
| 020 ## - INTERNATIONAL STANDARD BOOK NUMBER | |
| International Standard Book Number | 9780310277927 |
| 040 ## - CATALOGING SOURCE | |
| Original cataloging agency | DLC |
| Language of cataloging | eng |
| Transcribing agency | DLC |
| Modifying agency | JBL |
| -- | OCLCQ |
| -- | BAKER |
| -- | NLGGC |
| -- | BTCTA |
| -- | CIRBC |
| -- | DUNPL |
| -- | YDXCP |
| -- | TULIB |
| -- | OCLCO |
| 050 0# - LIBRARY OF CONGRESS CALL NUMBER | |
| Classification number | BT981 |
| Item number | .L56 1974 |
| 082 ## - DEWEY DECIMAL CLASSIFICATION NUMBER | |
| Classification number | 235.47 |
| Item number | L752S |
| 100 1# - MAIN ENTRY--PERSONAL NAME | |
| Personal name | Lindsey, Hal. |
| 245 10 - TITLE STATEMENT | |
| Title | Satan is alive and well on planet earth / |
| Statement of responsibility, etc. | by Hal Lindsey with C.C. Carlson. |
| 260 ## - PUBLICATION, DISTRIBUTION, ETC. | |
| Place of publication, distribution, etc. | Grand Rapids : |
| Name of publisher, distributor, etc. | Zondervan Pub. House, |
| Date of publication, distribution, etc. | c1972. |
| 300 ## - PHYSICAL DESCRIPTION | |
| Extent | 255 p. ; |
| Dimensions | 22 cm. |
| 504 ## - BIBLIOGRAPHY, ETC. NOTE | |
| Bibliography, etc. note | Includes bibliographical references. |
| 520 ## - SUMMARY, ETC. | |
| Summary, etc. | Analysis of the current interest in supernatural experiences and a strategy for combatting the forces of evil. |
| 530 ## - ADDITIONAL PHYSICAL FORM AVAILABLE NOTE | |
| Additional physical form available note | Also issued online. |
| 650 #0 - SUBJECT ADDED ENTRY--TOPICAL TERM | |
| Topical term or geographic name entry element | Devil |
| General subdivision | Christianity. |
| 650 #0 - SUBJECT ADDED ENTRY--TOPICAL TERM | |
| Topical term or geographic name entry element | Occultism |
| General subdivision | Religious aspects |
| -- | Christianity. |
| 650 #0 - SUBJECT ADDED ENTRY--TOPICAL TERM | |
| Topical term or geographic name entry element | Parapsychology |
| General subdivision | Religious aspects |
| -- | Christianity. |
| 776 08 - ADDITIONAL PHYSICAL FORM ENTRY | |
| Relationship information | Online version: |
| Main entry heading | Lindsey, Hal. |
| Title | Satan is alive and well on planet earth. |
| Place, publisher, and date of publication | Grand Rapids : Zondervan Pub. House, c1972 |
| Record control number | (OCoLC)605970787 |
| 942 ## - ADDED ENTRY ELEMENTS (KOHA) | |
| Source of classification or shelving scheme | Dewey Decimal Classification |
| Koha item type | Books |
| Withdrawn status | Lost status | Source of classification or shelving scheme | Damaged status | Not for loan | Collection code | Home library | Current library | Shelving location | Date acquired | Cost, normal purchase price | Total Checkouts | Full call number | Barcode | Date last seen | Price effective from | Koha item type |
|---|---|---|---|---|---|---|---|---|---|---|---|---|---|---|---|---|
| Dewey Decimal Classification | Non-fiction | Harvest Mission College | Harvest Mission College | General Stacks | 06.12.2018 | 350.00 | 235.47 L752S | 005128 | 06.12.2018 | 06.12.2018 | Books |
